Online
Catalog

El referimiento civil, comercial, administrativo, de tierras y laboral / (Record no. 48964)

MARC details
000 -CABECERA
campo de control de longitud fija 01192nam a22002177a 4500
003 - IDENTIFICADOR DEL NÚMERO DE CONTROL
campo de control OSt
005 - FECHA Y HORA DE LA ÚLTIMA TRANSACCIÓN
campo de control 20201027105206.0
008 - DATOS DE LONGITUD FIJA--INFORMACIÓN GENERAL
campo de control de longitud fija 201026b 2007 dr 00| 0 eng d
040 ## - FUENTE DE LA CATALOGACIÓN
Centro catalogador/agencia de origen DO-SdBNP
Lengua de catalogación spa
Centro/agencia transcriptor BNPHU
245 00 - MENCIÓN DE TÍTULO
Título El referimiento civil, comercial, administrativo, de tierras y laboral /
Mención de responsabilidad, etc. Rafael Luciano Pichardo...[et al.] ; prólogo Manuel Bergés Chupani
260 ## - PUBLICACIÓN, DISTRIBUCIÓN, ETC.
Lugar de publicación, distribución, etc. Santo Domingo :
Nombre del editor, distribuidor, etc. Ediciones Jurídicas Trajano Potentini,
Fecha de publicación, distribución, etc. 2007.
300 ## - DESCRIPCIÓN FÍSICA
Extensión viii, 234 p. ;
Dimensiones 23 cm.
500 ## - NOTA GENERAL
Nota general Academia de Ciencias de la República Dominicana, Comisión de Ciencias Jurídicas.
505 0# - NOTA DE CONTENIDO CON FORMATO
Nota de contenido con formato Prólogo --
Título Presentación --
-- El referimiento en materia civil --
Mención de responsabilidad Rafael Luciano Pichardo --
Título El juez de referimiento --
Mención de responsabilidad Miguel A. Báez Brito
Título El referimiento en materia comercial, administrativo y de ley de tierras --
Mención de responsabilidad Rafael Willamo Ortiz
Título El referimiento en materia laboral --
Mención de responsabilidad Manuel Ramón Herrera Carbuccia
700 1# - PUNTO DE ACCESO ADICIONAL--NOMBRE DE PERSONA
Nombre de persona Rafael Luciano Pichardo
9 (RLIN) 77032
700 1# - PUNTO DE ACCESO ADICIONAL--NOMBRE DE PERSONA
Nombre de persona Báez Brito, Miguel Antonio
9 (RLIN) 77033
700 1# - PUNTO DE ACCESO ADICIONAL--NOMBRE DE PERSONA
Nombre de persona Willamo Ortiz, Rafael
9 (RLIN) 77034
700 1# - PUNTO DE ACCESO ADICIONAL--NOMBRE DE PERSONA
Nombre de persona Herrera Carbuccia, Manuel Ramón
9 (RLIN) 77035
700 1# - PUNTO DE ACCESO ADICIONAL--NOMBRE DE PERSONA
Nombre de persona Bergés Chupani, Manuel,
Término indicativo de función/relación prólogo
9 (RLIN) 8440
942 ## - ELEMENTOS DE PUNTO DE ACCESO ADICIONAL (KOHA)
Fuente del sistema de clasificación o colocación Dewey Decimal Classification
Tipo de ítem Koha Libro
Holdings
Estado de retiro Estado de pérdida Fuente del sistema de clasificación o colocación No para préstamo Código de colección Localización permanente Ubicación/localización actual Ubicación en estantería Fecha de adquisición Fuente de adquisición Total de préstamos Fecha visto por última vez Precio válido a partir de Tipo de ítem Koha
    Dewey Decimal Classification   Monografías: Libros y Folletos Biblioteca Nacional Pedro Henríquez Ureña Patrimonio Dominicano En catalogación 26.10.2020 Graciela Geraldo   26.10.2020 26.10.2020 Libro

Powered by Koha